| 000 | 01661cam a2200421 4500 | ||
|---|---|---|---|
| 008 | 030915n2003 000 0 eng u | ||
| 020 | _a0130482927 | ||
| 035 | _a(Sirsi) u123600 | ||
| 041 | _aeng | ||
| 050 |
_a690 _c21 |
||
| 100 | _aAndres, Cameron K. | ||
| 245 | _aPrinciples and practices of commercial construction | ||
| 250 | _a7th ed. | ||
| 260 |
_aNew Jersey _bPrentice Hall _c2003 |
||
| 300 |
_aix, 549p. _bill _c29cm. |
||
| 350 | _a37.99 | ||
| 520 | _aThis American book gives a complete overview of the traditional concepts, practices and materials used in the construction of commercial buildings. Covers site investigation and layout, excavations, foundations, formwork, concrete work, structural timber frame, reinforced concrete frame, structural steel frame, floor and roof systems, masonry construction, curtain wall construction, building insulation, and finishing. Provides worked examples in both standard and metric units. Glossary. | ||
| 650 | _aCOMMERCIAL BUILDINGS | ||
| 650 | _aCONSTRUCTION METHODS | ||
| 650 | _aBUILT ENVIRONMENT-BUILDING MATERIALS | ||
| 650 | _aSITE INVESTIGATION | ||
| 650 | _aEXCAVATIONS | ||
| 650 | _aBUILT ENVIRONMENT-BUILDING ELEMENTS-COMPLETE BUILDING ELEMENTS-FOUNDATIONS | ||
| 650 | _aFORMWORK | ||
| 650 | _aCONCRETE CONSTRUCTION | ||
| 650 | _aREINFORCED CONCRETE | ||
| 650 | _aTIMBER FRAME CONSTRUCTION | ||
| 650 | _aSTEEL FRAME CONSTRUCTION | ||
| 650 | _aROOFING | ||
| 650 | _aFLOORING | ||
| 650 | _aMASONRY | ||
| 650 | _aCURTAIN WALLS | ||
| 650 | _aINSULATION | ||
| 650 | _aFINISHINGS | ||
| 690 | _aBUILT ENVIRONMENT | ||
| 700 | _aSmith, Ronald C. | ||
| 942 | _n0 | ||
| 999 |
_c103069 _d103069 |
||